| 000 | 00439nam a2200169Ia 4500 | ||
|---|---|---|---|
| 003 | GCL | ||
| 008 | 140319s9999 xx 000 0 ara d | ||
| 040 |
_aGCL / _cGCL |
||
| 082 | 0 | 4 |
_a358.8 _bع ح |
| 100 | 1 | _aعاطف معتوق | |
| 245 | 1 | 0 |
_aحرب النجوم / _cعاطف معتوق |
| 490 | _a | ||
| 650 | 0 | 4 | _aالنجوم |
| 650 | 0 | 4 | _aالاقمار الصناعية |
| 650 | 0 | 4 | _aالعلوم - الفضاء |
| 942 |
_2ddc _cBK |
||
| 999 |
_c38515 _d38515 |
||